<?xml version="1.0" encoding="UTF-8"?>
<collection xmlns="http://www.loc.gov/MARC21/slim">
<record>
  <controlfield tag="001">163709</controlfield>
  <controlfield tag="005">20251030150826.0</controlfield>
  <datafield tag="024" ind1="7" ind2=" ">
    <subfield code="2">doi</subfield>
    <subfield code="a">10.1016/j.biombioe.2025.108273</subfield>
  </datafield>
  <datafield tag="024" ind1="8" ind2=" ">
    <subfield code="2">sideral</subfield>
    <subfield code="a">145809</subfield>
  </datafield>
  <datafield tag="037" ind1=" " ind2=" ">
    <subfield code="a">ART-2025-145809</subfield>
  </datafield>
  <datafield tag="041" ind1=" " ind2=" ">
    <subfield code="a">eng</subfield>
  </datafield>
  <datafield tag="100" ind1=" " ind2=" ">
    <subfield code="a">Lete, Alejandro</subfield>
    <subfield code="u">Universidad de Zaragoza</subfield>
    <subfield code="0">(orcid)0000-0002-2866-9035</subfield>
  </datafield>
  <datafield tag="245" ind1=" " ind2=" ">
    <subfield code="a">Valorization of pure and biodiesel-derived refined crude glycerol to renewable acetol over copper-based catalyst: Effect of operating conditions and catalyst stability</subfield>
  </datafield>
  <datafield tag="260" ind1=" " ind2=" ">
    <subfield code="c">2025</subfield>
  </datafield>
  <datafield tag="520" ind1="3" ind2=" ">
    <subfield code="a">Acetol is a key intermediate in the aldol condensation of biomass-derived furans, enabling the production of carbon chains within the aviation fuel range. This work proposes glycerol, a biomass-derived by-product from biodiesel production, as a renewable feedstock for acetol production. The catalytic performance of a CuAl catalyst was evaluated in the gas phase dehydration of glycerol, focusing on the influence of temperature (200–300 °C), catalyst weight to glycerol mass flow ratio (10–50 gCatalyst min gGlycerol−1), and carrier gas to liquid ratio (200–600 m3GasSTP m3Liquid−1). Both pure and biodiesel-derived refined crude glycerol were used as feedstock. Long-term stability experiments assessed the evolution of catalytic activity and physicochemical properties over time. A great activity was obtained under conditions of 250 °C, 30 gCatalyst min gGlycerol−1, and 400 m3GasSTP m3Liquid−1 with pure glycerol after a time-on-stream (TOS) of 2 h (95.1 % glycerol conversion and 564 mgAcetol gGlycerol−1). Stability studies provided good catalytic results after a TOS of 52 h using pure glycerol (72 % glycerol conversion and 266 mgAcetol gGlycerol−1) and demonstrated that coke deposition was responsible for catalyst deactivation. The use of refined crude glycerol proved to be highly effective in the first hours of the reaction (98.7 % glycerol conversion and 570 mgAcetol gGlycerol−1 for a TOS of 2 h), however, rapid deactivation was observed due to solids deposition. This catalytic route highlights the feasibility of valorization of biomass residues for producing renewable acetol, a promising precursor for sustainable aviation fuel (SAF).</subfield>
  </datafield>
  <datafield tag="506" ind1="0" ind2=" ">
    <subfield code="a">Access copy available to the general public</subfield>
    <subfield code="f">Unrestricted</subfield>
  </datafield>
  <datafield tag="536" ind1=" " ind2=" ">
    <subfield code="9">info:eu-repo/grantAgreement/ES/DGA/T22-23R</subfield>
    <subfield code="9">info:eu-repo/grantAgreement/ES/MCINN/PID2020-114985RB-I00</subfield>
  </datafield>
  <datafield tag="540" ind1=" " ind2=" ">
    <subfield code="9">info:eu-repo/semantics/openAccess</subfield>
    <subfield code="a">by-nc-nd</subfield>
    <subfield code="u">https://creativecommons.org/licenses/by-nc-nd/4.0/deed.es</subfield>
  </datafield>
  <datafield tag="655" ind1=" " ind2="4">
    <subfield code="a">info:eu-repo/semantics/article</subfield>
    <subfield code="v">info:eu-repo/semantics/publishedVersion</subfield>
  </datafield>
  <datafield tag="700" ind1=" " ind2=" ">
    <subfield code="a">García, Lucía</subfield>
    <subfield code="u">Universidad de Zaragoza</subfield>
    <subfield code="0">(orcid)0000-0001-7115-9025</subfield>
  </datafield>
  <datafield tag="700" ind1=" " ind2=" ">
    <subfield code="a">Ruiz, Joaquín</subfield>
    <subfield code="u">Universidad de Zaragoza</subfield>
    <subfield code="0">(orcid)0000-0002-2924-3095</subfield>
  </datafield>
  <datafield tag="700" ind1=" " ind2=" ">
    <subfield code="a">Arauzo, Jesús</subfield>
    <subfield code="u">Universidad de Zaragoza</subfield>
    <subfield code="0">(orcid)0000-0002-5959-3168</subfield>
  </datafield>
  <datafield tag="710" ind1="2" ind2=" ">
    <subfield code="1">5005</subfield>
    <subfield code="2">555</subfield>
    <subfield code="a">Universidad de Zaragoza</subfield>
    <subfield code="b">Dpto. Ing.Quím.Tecnol.Med.Amb.</subfield>
    <subfield code="c">Área Ingeniería Química</subfield>
  </datafield>
  <datafield tag="773" ind1=" " ind2=" ">
    <subfield code="g">203 (2025), 108273 [15 pp.]</subfield>
    <subfield code="p">Biomass bioenergy</subfield>
    <subfield code="t">BIOMASS &amp; BIOENERGY</subfield>
    <subfield code="x">0961-9534</subfield>
  </datafield>
  <datafield tag="856" ind1="4" ind2=" ">
    <subfield code="s">5219511</subfield>
    <subfield code="u">http://zaguan.unizar.es/record/163709/files/texto_completo.pdf</subfield>
    <subfield code="y">Versión publicada</subfield>
  </datafield>
  <datafield tag="856" ind1="4" ind2=" ">
    <subfield code="s">2497915</subfield>
    <subfield code="u">http://zaguan.unizar.es/record/163709/files/texto_completo.jpg?subformat=icon</subfield>
    <subfield code="x">icon</subfield>
    <subfield code="y">Versión publicada</subfield>
  </datafield>
  <datafield tag="909" ind1="C" ind2="O">
    <subfield code="o">oai:zaguan.unizar.es:163709</subfield>
    <subfield code="p">articulos</subfield>
    <subfield code="p">driver</subfield>
  </datafield>
  <datafield tag="951" ind1=" " ind2=" ">
    <subfield code="a">2025-10-30-14:39:25</subfield>
  </datafield>
  <datafield tag="980" ind1=" " ind2=" ">
    <subfield code="a">ARTICLE</subfield>
  </datafield>
</record>
</collection>